| 000 | 01709nam0a22003011 4500 | ||
|---|---|---|---|
| 001 | v19\rc\1675435 | ||
| 005 | 20150702135110.0 | ||
| 035 | _a(NLR Aleph) 004782219 | ||
| 090 |
_a4679984 _c4679984 |
||
| 100 | _a20061002d1894 |||y0rusy50 ca | ||
| 101 | 0 |
_arus _achu |
|
| 102 | _aRU | ||
| 105 | _ay ej ||||| | ||
| 200 | 1 |
_aСловарь церковнославянского языка нового периода на Новый Завет, Псалтирь, богослужебные каноны и те отрывки из иных книг Ветхого Завета, какие помещены в учебных книгах по церковнославянскому языку Н. Ильминского, С. Грушевского и других _eПособие для учителей нач. нар. уч-щ, церк.-приход. шк. и учеников тех. учеб. заведений, в которых преподается церковнославянский яз. нового периода _fСост. Н. Лозанов |
|
| 210 |
_aСамара _cПаровая типо-лит. Жданова _d1894 |
||
| 215 |
_a[2], IV, 77 с. _d24 |
||
| 700 | 1 |
_aЛозанов _bН. Н. _f1859- _gНиколай Николаевич _4220 |
|
| 702 | 1 |
_aИльминский _bН. И. _f1822-1892 _gНиколай Иванович _3RU\NLR\AUTH\770146436 _4570 |
|
| 702 | 1 |
_aГрушевский _bС. Ф. _f-1901 _gСергей Федорович _4570 |
|
| 801 | 0 |
_aRU _bNLR _gpsbo |
|
| 801 | 0 |
_aRU _bRuMoRGB _2psbo |
|
| 801 | 1 |
_aRU _bProSoft-M _2rusmarc |
|
| 852 |
_aNLR _j18.226.8.349 |
||
| 899 |
_aRuMoRGB _jA 218/1518 |
||
| 899 | _aБАН | ||
| 942 | _cBOOK | ||
| 980 | _aNB | ||